|
|
|
|
| LEADER |
00000nas a22000008i 4500 |
| 001 |
ssj0001428353 |
| 003 |
WaSeSS |
| 005 |
20200512172242.0 |
| 006 |
m d |
| 007 |
cr n |
| 008 |
140724c20149999vaumr p s | a0eng |
| 010 |
|
|
|a 2014203284
|
| 022 |
|
|
|a 2374-0671
|y 2374-0663
|
| 035 |
|
|
|a (WaSeSS)ssj0001428353
|
| 037 |
|
|
|b Association for Talent Development, 1640 King St., Alexandria, VA 22314
|
| 040 |
|
|
|a DLC
|b eng
|c DLC
|d DLC
|d DKU
|d OCLCO
|d OCLCF
|d OCLCO
|d ZAC
|d OCLCQ
|d VT2
|d WaSeSS
|
| 042 |
|
|
|a msc
|
| 130 |
0 |
|
|a Talent development (Alexandria, Va. : Online)
|
| 245 |
1 |
0 |
|a Talent development
|h [electronic resource].
|
| 246 |
1 |
|
|a TD
|
| 260 |
|
|
|a Alexandria, VA :
|b Association for Talent Development,
|c [2014-]
|
| 263 |
|
|
|a 201408
|
| 310 |
|
|
|a Monthly
|
| 506 |
|
|
|a License restrictions may limit access.
|
| 650 |
|
0 |
|a Employees
|x Training of
|v Periodicals.
|
| 650 |
|
7 |
|a Employees
|x Training of.
|2 fast
|0 (OCoLC)fst00909221
|
| 655 |
|
0 |
|a Electronic journals.
|
| 710 |
2 |
|
|a Association for Talent Development.
|
| 776 |
0 |
8 |
|i Print version:
|t Talent development (Arlington, Va.)
|x 2374-0663
|w (DLC) 2014203283
|w (OCoLC)884517921
|
| 780 |
0 |
0 |
|t T+D (Online)
|x 1943-782X
|w (DLC) 2008202190
|w (OCoLC)60637402
|
| 856 |
4 |
0 |
|z Full text available from Research Library: 08/01/2014 to present
|u https://search.proquest.com/publication/27021
|